000 00465cam a2200193 4500
001 B2220
008 090401t1989 xxu||||| |||| 00| 0 eng d
035 _a(Sirsi) u48809
041 _aeng
050 _a333.3370942496
110 _aChesterton
_92357
245 _aBirmingham office market review 1988/1989
260 _aLondon
_bChesterton
_c1989
300 _a12p. : ill. ; 30cm.
350 _a5.7
650 _aOFFICES
942 _n0
948 _c04/03/1997
999 _c92411
_d92411